000 00693nam a2200277Ia 4500
001 14259
005 20240113235526.0
007 ta
008 051121s1994 a g b000 u 465 u
020 _a81-7236-096-7
040 _aCotton College Assam
041 _a465
082 _a582
_bMa 316 Ci
100 _aMankad, N.R. .
245 0 _aCitrus in India /
_cN.R. Mankad.
_hTextual Documents
250 _a1st ed. /
260 _aNew Delhi :
_bWiley Eastern Ltd. ,
_c1994.
300 _a114p. :
_bill ;
_c21cm .
504 _aIndex
653 _aBotany
653 _aCitrus Fruits
653 _aG-Botany
942 _2ddc
_cBK
999 _c14245
_d14245